[Event "III Festival Magistrale"]
[Site "Montecatini Terme ITA"]
[Date "1994.07.??"]
[Round "?"]
[White "Bocchicchio, Gaetano"]
[Black "Pala, Giorgio"]
[Result "1-0"]
[WhiteElo "1999"]
[BlackElo "2056"]
[PlyCount "71"]
[EventDate "1994.07.30"]

1. e4 c5 2. Nf3 e6 3. c3 Nf6 4. Bd3 b6 5. O-O Bb7 6. Re1 d6 7. a4 Nbd7 8. Bc2
Be7 9. d4 cxd4 10. cxd4 O-O 11. Nc3 a6 12. d5 e5 13. a5 bxa5 14. Na4 Rc8 15.
Bd3 Qc7 16. Nd2 Qb8 17. Nc4 Nc5 18. Nxc5 Rxc5 19. Be3 Rb5 20. Ra2 Bd8 21. f3
Ba8 22. Qd2 Nd7 23. Nxa5 Bxa5 24. Rxa5 Rxb2 25. Qd1 Qb4 26. Ra4 Qc3 27. Rc4 Qa5
28. Qc1 Qa2 29. Bf1 h6 30. Rc7 Nb6 31. Qa1 Qb3 32. Qxa6 Na4 33. Rc8 Nb6 34.
Rxf8+ Kxf8 35. Kh1 Qd3 36. Bxb6 1-0

[Event "III Festival Magistrale"]
[Site "Montecatini Terme ITA"]
[Date "1994.07.??"]
[Round "?"]
[White "Bocchicchio, Gaetano"]
[Black "Rossi, Giampiero"]
[WhiteElo "1999"]
[BlackElo "2205"]
[Result "1-0"]
[PlyCount "81"]
[EventDate "1994.07.30"]

1. e4 c5 2. Nf3 e6 3. c3 d5 4. e5 d4 5. cxd4 cxd4 6. Qa4+ Nc6 7. Bb5 Bd7 8.
Bxc6 Bxc6 9. Qxd4 Bxf3 10. Qxd8+ Rxd8 11. gxf3 Ne7 12. O-O Nc6 13. f4 Nd4 14.
Nc3 Be7 15. Rd1 O-O 16. d3 Rd7 17. Be3 Rfd8 18. Ne4 b6 19. Kf1 Nc2 20. Rac1 Nb4
21. d4 Nxa2 22. Rc4 Nb4 23. Ke2 Nd5 24. Rdc1 a5 25. Rc6 b5 26. Ra6 a4 27. Nc3
Nxc3+ 28. bxc3 Rb7 29. c4 a3 30. c5 b4 31. Rb1 Rdb8 32. Kd3 Bd8 33. Kc4 Rb5 34.
Bc1 Bh4 35. Bxa3 Bxf2 36. Rxb4 Rxb4+ 37. Bxb4 Be3 38. c6 Bxf4 39. c7 Rc8 40.
Bd6 f6 41. Rb6 1-0

[Event "III Festival Magistrale"]
[Site "Montecatini Terme ITA"]
[Date "1994.07.??"]
[Round "?"]
[White "Bonugli, Carlo"]
[Black "Beggi, Pierluigi"]
[Result "0-1"]
[WhiteElo "1934"]
[BlackElo "2220"]
[PlyCount "66"]
[EventDate "1994.07.30"]

1. e4 c5 2. Nc3 Nc6 3. g3 g6 4. Bg2 Bg7 5. d3 e5 6. Nh3 Nge7 7. O-O d6 8. f4
Rb8 9. f5 f6 10. Be3 Nd4 11. g4 O-O 12. Ne2 Nxe2+ 13. Qxe2 g5 14. c3 Nc6 15.
Kh1 b6 16. Ng1 Bb7 17. Nf3 Qe7 18. Qd2 h6 19. Rfd1 Rfe8 20. Kg1 Rbd8 21. Kf2
Bf8 22. h4 Qc7 23. Rh1 d5 24. exd5 e4 25. dxe4 Rxe4 26. Nh2 Qe5 27. Nf3 Qe8 28.
hxg5 Rxd5 29. Rae1 Rxg4 30. Nh4 Rxf5+ 31. Kg1 hxg5 32. Qd1 Qe4 33. Rh2 gxh4 0-1

[Event "III Festival Magistrale"]
[Site "Montecatini Terme ITA"]
[Date "1994.07.??"]
[Round "?"]
[White "Bonugli, Carlo"]
[Black "Di Lazzaro, Gabriele"]
[Result "1-0"]
[WhiteElo "1934"]
[BlackElo "2155"]
[PlyCount "81"]
[EventDate "1994.07.30"]

1. e4 g6 2. d4 Bg7 3. Nc3 c6 4. Be3 Qa5 5. Qd2 b5 6. Bd3 b4 7. Nce2 Ba6 8. f4
Bxd3 9. Qxd3 Na6 10. Nf3 Nf6 11. O-O O-O 12. f5 Kh8 13. Ng3 Rac8 14. h3 c5 15.
Qd2 cxd4 16. Bxd4 Nc5 17. e5 Nfe4 18. Nxe4 Nxe4 19. Qf4 gxf5 20. Qxf5 Ng3 21.
Qd3 f6 22. Rfe1 Qc7 23. c3 bxc3 24. exf6 exf6 25. bxc3 Rfe8 26. Nh2 Qd6 27. Ng4
Re6 28. Rxe6 dxe6 29. Nxf6 Nf5 30. Rf1 Qg3 31. Qe4 Rf8 32. Nh5 Bxd4+ 33. cxd4
Qg6 34. Nf4 Qf6 35. Nxe6 Rf7 36. Qa8+ Rf8 37. Qxf8+ Qxf8 38. Nxf8 Nxd4 39. Nd7
Ne2+ 40. Kf2 Nd4 41. Re1 1-0

[Event "III Festival Magistrale"]
[Site "Montecatini Terme ITA"]
[Date "1994.07.??"]
[Round "?"]
[White "Bonugli, Carlo"]
[Black "Digiugno, Franco"]
[WhiteElo "1934"]
[BlackElo "2074"]
[Result "1/2-1/2"]
[PlyCount "117"]
[EventDate "1994.07.30"]

1. e4 e6 2. d4 d5 3. e5 c5 4. c3 Nc6 5. Nf3 Qb6 6. a3 Nh6 7. b4 cxd4 8. cxd4
Nf5 9. Bb2 Bd7 10. Be2 Be7 11. O-O O-O 12. g4 Nh4 13. Nxh4 Bxh4 14. Qd3 f6 15.
exf6 Bxf6 16. Rd1 Rf7 17. Bc3 e5 18. b5 Nxd4 19. Bxd4 Qxd4 20. Qxd4 exd4 21.
Bf3 Kf8 22. Nd2 Bxb5 23. Bxd5 Rd7 24. Be4 Re8 25. f3 Ba4 26. Rdb1 Bc6 27. Rc1
d3 28. Ra2 Bd5 29. Bxd5 Rxd5 30. Ne4 Bd4+ 31. Kf1 Be3 32. Rd1 Rc8 33. a4 Bf4
34. Ra3 d2 35. Ke2 Rc2 36. h4 Ra5 37. Rb3 Rxa4 38. Rxb7 Ra3 39. Rd7 Re3+ 40.
Kf2 Re1 41. R1xd2 Bxd2 42. Nxd2 Rd1 43. Ke2 Rcxd2+ 44. Rxd2 Rxd2+ 45. Kxd2 Ke7
46. h5 Ke6 47. f4 a5 48. Kd3 a4 49. Kc4 a3 50. Kb3 Kd5 51. f5 Ke5 52. h6 gxh6
53. Kxa3 h5 54. gxh5 Kxf5 55. Kb3 Kg5 56. h6 Kxh6 57. Kc3 Kg5 58. Kd3 Kg4 59.
Ke2 1/2-1/2

[Event "III Festival Magistrale"]
[Site "Montecatini Terme ITA"]
[Date "1994.07.??"]
[Round "?"]
[White "Bonugli, Carlo"]
[Black "Mola, Pietro"]
[Result "1/2-1/2"]
[WhiteElo "1934"]
[BlackElo "2175"]
[PlyCount "79"]
[EventDate "1994.07.30"]

1. e4 c5 2. Nc3 d6 3. g3 g6 4. Bg2 Bg7 5. d3 Nc6 6. f4 e6 7. Nf3 Nge7 8. O-O
O-O 9. Be3 Nd4 10. Rb1 Nec6 11. Ne2 Nxf3+ 12. Bxf3 Nd4 13. Bg2 Qa5 14. a3 Bd7
15. c3 Nxe2+ 16. Qxe2 Bc6 17. f5 exf5 18. exf5 Rae8 19. Qd2 Bxg2 20. Kxg2 Re5
21. f6 Rfe8 22. Rbe1 Bf8 23. Bh6 Rxe1 24. Rxe1 Rxe1 25. Bxf8 Kxf8 26. Qxe1 Qd8
27. Qf2 Qd7 28. d4 Qc6+ 29. Kg1 b6 30. Qe3 Qc8 31. Qe7+ Kg8 32. Qxd6 cxd4 33.
Qxd4 h6 34. b4 Kh7 35. c4 Qf5 36. c5 Qb1+ 37. Kg2 Qc2+ 38. Qf2 Qe4+ 39. Kf1
Qd3+ 40. Kg2 1/2-1/2

[Event "III Festival Magistrale"]
[Site "Montecatini Terme ITA"]
[Date "1994.07.??"]
[Round "?"]
[White "Bonugli, Carlo"]
[Black "Wagman, Stuart"]
[Result "1/2-1/2"]
[WhiteElo "1934"]
[BlackElo "2210"]
[PlyCount "52"]
[EventDate "1994.07.30"]

1. e4 e5 2. Nf3 Nc6 3. Bb5 Nf6 4. O-O Nxe4 5. Re1 Nd6 6. Bxc6 dxc6 7. Nxe5 Be7
8. d3 O-O 9. Nd2 Nf5 10. Ndf3 Be6 11. Bd2 Re8 12. Bc3 Bf8 13. Nd2 f6 14. Nef3
Qd7 15. Ne4 Qf7 16. Qd2 Rad8 17. Qf4 c5 18. Ng3 Nxg3 19. Qxg3 Bd6 20. Qh4 Bd5
21. Nd2 b6 22. b3 Qg6 23. f3 f5 24. Ne4 Be5 25. Bxe5 Rxe5 26. Nd2 Rde8 1/2-1/2

[Event "III Festival Magistrale"]
[Site "Montecatini Terme ITA"]
[Date "1994.07.??"]
[Round "?"]
[White "Bracaglia, Carlo"]
[Black "Astengo, Marcello"]
[Result "0-1"]
[WhiteElo "2091"]
[BlackElo "2080"]
[PlyCount "76"]
[EventDate "1994.07.30"]

1. e4 e6 2. d3 d5 3. Nd2 c5 4. Ngf3 Nc6 5. g3 Nf6 6. Bg2 Be7 7. O-O Bd7 8. Re1
O-O 9. e5 Ng4 10. Nb3 f6 11. exf6 Nxf6 12. Bf4 Qb6 13. Qe2 Rae8 14. Be5 Ng4 15.
c4 dxc4 16. dxc4 Rxf3 17. Qxf3 Ngxe5 18. Qh5 g6 19. Qh3 Bf6 20. Rad1 Nd4 21.
Nd2 Bc6 22. Re3 Bxg2 23. Kxg2 Qc6+ 24. f3 Nf5 25. Rb3 Rd8 26. Kf2 Nxc4 27. Ne4
Rxd1 28. Nxf6+ Kg7 29. Qxh7+ Kxf6 30. Rxb7 Ke5 31. Qh8+ Kd5 32. Qd8+ Ncd6 33.
Rb3 c4 34. Rc3 Rd2+ 35. Ke1 Rxb2 36. Rc1 Qb6 37. Rd1+ Kc6 38. Qa8+ Kb5 0-1

[Event "III Festival Magistrale"]
[Site "Montecatini Terme ITA"]
[Date "1994.07.??"]
[Round "?"]
[White "Bracaglia, Carlo"]
[Black "Bonugli, Carlo"]
[WhiteElo "2091"]
[BlackElo "1934"]
[Result "1/2-1/2"]
[PlyCount "61"]
[EventDate "1994.07.30"]

1. e4 e6 2. d4 d5 3. e5 c5 4. c3 Nc6 5. Nf3 Bd7 6. Bd3 Rc8 7. a3 cxd4 8. cxd4
Qb6 9. O-O Nxd4 10. Nxd4 Qxd4 11. Qe2 a6 12. Nc3 Ne7 13. Kh1 Qb6 14. f4 g6 15.
Be3 Qd8 16. Bf2 Nf5 17. Bxf5 gxf5 18. Qh5 Rc4 19. Bh4 Be7 20. Bxe7 Qxe7 21.
Rad1 Bc6 22. Ne2 Qc5 23. b3 Rc2 24. Nd4 Rg8 25. Rg1 Rg6 26. b4 Qc4 27. Qxh7 Rb2
28. Qh8+ Ke7 29. Qb8 Qa2 30. Qd6+ Ke8 31. Qb8+ 1/2-1/2

[Event "III Festival Magistrale"]
[Site "Montecatini Terme ITA"]
[Date "1994.07.??"]
[Round "?"]
[White "Bracaglia, Carlo"]
[Black "Di Lazzaro, Gabriele"]
[Result "1-0"]
[WhiteElo "2091"]
[BlackElo "2155"]
[PlyCount "85"]
[EventDate "1994.07.30"]

1. d4 g6 2. e4 Bg7 3. Nc3 c6 4. Nf3 d6 5. h3 Nf6 6. Be2 O-O 7. a4 a5 8. O-O e5
9. dxe5 dxe5 10. Qxd8 Rxd8 11. Be3 Na6 12. Bxa6 Rxa6 13. Rfd1 Re8 14. Rd6 Nh5
15. Rad1 Ra8 16. Bb6 Be6 17. Rd8 Rexd8 18. Rxd8+ Rxd8 19. Bxd8 f6 20. Bxa5 Bh6
21. Bb6 Bc1 22. b3 Ng7 23. a5 Ne8 24. Kf1 Ba3 25. Na4 Bd6 26. Ke2 Kf7 27. Kd3
h6 28. Nd2 f5 29. f3 Nf6 30. Bc5 Bc7 31. b4 Nh5 32. Be3 f4 33. Bc5 Nf6 34. Nc4
Ne8 35. Ncb6 g5 36. c4 Bxb6 37. Nxb6 Nf6 38. b5 cxb5 39. cxb5 Ke8 40. a6 bxa6
41. bxa6 Nd7 42. a7 Nxc5+ 43. Ke2 1-0

[Event "III Festival Magistrale"]
[Site "Montecatini Terme ITA"]
[Date "1994.07.??"]
[Round "?"]
[White "Bracaglia, Carlo"]
[Black "Sgnaolin, Davide"]
[WhiteElo "2091"]
[BlackElo "1925"]
[Result "1-0"]
[PlyCount "81"]
[EventDate "1994.07.30"]

1. e4 c5 2. Nc3 Nc6 3. g3 g6 4. Bg2 Bg7 5. d3 d6 6. f4 e6 7. Nf3 Nge7 8. O-O
O-O 9. Be3 Rb8 10. Qd2 b5 11. Rab1 b4 12. Nd1 a5 13. Nf2 Ba6 14. f5 exf5 15.
Bh6 Qc7 16. Nh4 f4 17. Bxg7 Kxg7 18. Nh3 Nd4 19. Nxf4 Ne6 20. Bh3 Bc8 21. Nd5
Nxd5 22. exd5 Nd4 23. Bxc8 Rbxc8 24. c3 Nb5 25. Rbe1 Rce8 26. Nf5+ gxf5 27.
Qg5+ Kh8 28. Qf6+ Kg8 29. Qxf5 Rxe1 30. Rxe1 Rd8 31. Qg5+ Kf8 32. Qf6 Kg8 33.
Re7 Rf8 34. Rxc7 Nxc7 35. Qxd6 Ne8 36. Qxc5 bxc3 37. bxc3 Nf6 38. c4 Kg7 39.
Qd4 Rb8 40. d6 Kg6 41. c5 1-0

[Event "III Festival Magistrale"]
[Site "Montecatini Terme ITA"]
[Date "1994.07.??"]
[Round "?"]
[White "Capuano, Eugenio"]
[Black "Bartolini, Tommaso"]
[Result "1/2-1/2"]
[WhiteElo "2025"]
[BlackElo "2090"]
[PlyCount "49"]
[EventDate "1994.07.30"]

1. e4 c5 2. f4 d5 3. exd5 Nf6 4. Nc3 a6 5. Nf3 Nxd5 6. Ne5 e6 7. d4 Nxc3 8.
bxc3 cxd4 9. Qxd4 Nd7 10. Nxd7 Bxd7 11. Be3 Bc6 12. Qxd8+ Rxd8 13. Kf2 Be4 14.
Rb1 b5 15. Bd3 Bxd3 16. cxd3 Rxd3 17. a4 bxa4 18. Rb8+ Rd8 19. Rb6 Ra8 20. Ra1
a3 21. c4 Be7 22. c5 O-O 23. Rxa3 a5 24. Rb5 a4 25. Rb4 1/2-1/2

[Event "III Festival Magistrale"]
[Site "Montecatini Terme ITA"]
[Date "1994.07.??"]
[Round "?"]
[White "Capuano, Eugenio"]
[Black "Cecconi, Giovanni Alberto"]
[Result "1/2-1/2"]
[WhiteElo "2025"]
[BlackElo "2240"]
[PlyCount "25"]
[EventDate "1994.07.30"]

1. e4 e5 2. Nf3 Nf6 3. Nxe5 d6 4. Nf3 Nxe4 5. d4 d5 6. Bd3 Be7 7. O-O Nc6 8. c4
Nf6 9. Nc3 Bg4 10. Be3 O-O 11. c5 Bh5 12. Be2 Qd7 13. Ne5 1/2-1/2

[Event "III Festival Magistrale"]
[Site "Montecatini Terme ITA"]
[Date "1994.07.??"]
[Round "?"]
[White "Capuano, Eugenio"]
[Black "Giordani, Marco"]
[WhiteElo "2025"]
[BlackElo "2034"]
[Result "1/2-1/2"]
[PlyCount "57"]
[EventDate "1994.07.30"]

1. e4 c5 2. f4 Nc6 3. Nf3 e6 4. Bb5 Nd4 5. Nxd4 cxd4 6. O-O a6 7. Bc4 Qc7 8. d3
g6 9. Qe1 Bg7 10. Nd2 Ne7 11. f5 Nc6 12. Nf3 Na5 13. Qh4 Nxc4 14. dxc4 Qxc4 15.
Bh6 Bxh6 16. Qxh6 Qc5 17. fxg6 fxg6 18. Ng5 d3+ 19. Kh1 dxc2 20. Nxh7 Kd8 21.
Qg7 Re8 22. Nf6 Rf8 23. Rac1 b5 24. Rxc2 Qxc2 25. Qxf8+ Kc7 26. Ne8+ Kb6 27.
Qf4 Bb7 28. Nf6 Bc6 29. Qd6 1/2-1/2

[Event "III Festival Magistrale"]
[Site "Montecatini Terme ITA"]
[Date "1994.07.??"]
[Round "?"]
[White "Capuano, Eugenio"]
[Black "Pala, Giorgio"]
[Result "1-0"]
[WhiteElo "2025"]
[BlackElo "2056"]
[PlyCount "79"]
[EventDate "1994.07.30"]

1. e4 c5 2. f4 e6 3. Nf3 d5 4. Bb5+ Bd7 5. Bxd7+ Nxd7 6. d3 dxe4 7. dxe4 Qc7 8.
O-O Ngf6 9. Qe2 c4 10. Nc3 a6 11. a4 Bb4 12. e5 Bxc3 13. bxc3 Nd5 14. Ba3 Nxc3
15. Qe1 Nxa4 16. Bd6 Qb6+ 17. Kh1 Nac5 18. f5 Qc6 19. Ng5 f6 20. fxe6 Nxe5 21.
Bxe5 fxg5 22. Bxg7 Rg8 23. Bf6 Qxe6 24. Qb4 Ne4 25. Rae1 Rc8 26. Rxe4 Qxe4 27.
Re1 Qxe1+ 28. Qxe1+ Kf7 29. Qe7+ Kg6 30. Bc3 Rce8 31. Qd6+ Kh5 32. h3 Rg6 33.
Qg3 Rge6 34. Qg4+ Kg6 35. Bd2 h6 36. h4 Re4 37. h5+ Kh7 38. Qf5+ Kg8 39. Qg6+
Kf8 40. Bb4+ 1-0

[Event "III Festival Magistrale"]
[Site "Montecatini Terme ITA"]
[Date "1994.07.??"]
[Round "?"]
[White "Caputi, Nicola"]
[Black "Caruso, Daniele"]
[Result "1/2-1/2"]
[WhiteElo "1913"]
[BlackElo "2085"]
[PlyCount "61"]
[EventDate "1994.07.30"]

1. e4 e6 2. d4 d5 3. Nd2 Nf6 4. e5 Nfd7 5. Bd3 c5 6. c3 Nc6 7. Ne2 cxd4 8. cxd4
f6 9. exf6 Nxf6 10. Nf3 Bd6 11. O-O Qc7 12. Bg5 O-O 13. Rc1 Bd7 14. Re1 Kh8 15.
Ng3 Bf4 16. Rc3 Rae8 17. Bxf4 Qxf4 18. Qc1 Qxc1 19. Rcxc1 Ng4 20. h3 Nf6 21. a3
Ng8 22. b4 a6 23. b5 axb5 24. Bxb5 Nge7 25. Rc3 Nf5 26. Nxf5 Rxf5 27. Bxc6 Bxc6
28. Ne5 Ba4 29. Rc7 Rf4 30. Nf7+ Kg8 31. Ng5 1/2-1/2

[Event "III Festival Magistrale"]
[Site "Montecatini Terme ITA"]
[Date "1994.07.??"]
[Round "?"]
[White "Caputi, Nicola"]
[Black "Gagliardi, Pietro"]
[Result "1/2-1/2"]
[WhiteElo "1913"]
[BlackElo "2195"]
[PlyCount "74"]
[EventDate "1994.07.30"]

1. e4 c6 2. d4 d5 3. Nd2 dxe4 4. Nxe4 Bf5 5. Ng3 Bg6 6. h4 h6 7. h5 Bh7 8. Nf3
Nd7 9. Bd3 Bxd3 10. Qxd3 Qc7 11. Bd2 Ndf6 12. O-O-O e6 13. Ne4 O-O-O 14. c4
Nxe4 15. Qxe4 Nf6 16. Qe2 Bd6 17. g3 c5 18. Bc3 Rhe8 19. dxc5 Bxc5 20. Ne5
Rxd1+ 21. Rxd1 Rd8 22. f4 Rxd1+ 23. Kxd1 Kd8 24. g4 Bd6 25. Qd3 Ke7 26. Nxf7
Kxf7 27. Qg6+ Kf8 28. Bxf6 Bxf4 29. Bc3 Qd7+ 30. Ke2 e5 31. Qf5+ Qxf5 32. gxf5
Ke7 33. Kf3 Kf6 34. Kg4 Be3 35. Bb4 Bb6 36. c5 Bc7 37. a4 a6 1/2-1/2

[Event "III Festival Magistrale"]
[Site "Montecatini Terme ITA"]
[Date "1994.07.??"]
[Round "?"]
[White "Caputi, Nicola"]
[Black "Isonzo, David"]
[WhiteElo "1913"]
[BlackElo "2124"]
[Result "1/2-1/2"]
[PlyCount "97"]
[EventDate "1994.07.30"]

1. e4 c5 2. Nf3 d6 3. d4 cxd4 4. Nxd4 Nf6 5. Nc3 a6 6. Be2 e5 7. Nb3 Be7 8. O-O
O-O 9. Be3 Be6 10. Qd2 Nbd7 11. f3 Nb6 12. Bg5 Qc7 13. a4 Rfd8 14. Rfd1 d5 15.
Bd3 Rac8 16. Qe1 d4 17. Ne2 Nc4 18. Rab1 h6 19. Bc1 Ne3 20. Bxe3 dxe3 21. Nbc1
Nd7 22. b3 Nc5 23. c4 b5 24. axb5 axb5 25. cxb5 Nxd3 26. Nxd3 Qb6 27. Nxe5 Qxb5
28. Nc4 Bxc4 29. bxc4 Qxc4 30. Rbc1 Rxd1 31. Qxd1 Qa6 32. Rxc8+ Qxc8 33. Qc1
Bc5 34. g3 Qd7 35. Kg2 Qb5 36. Qc2 Bb4 37. Qc8+ Kh7 38. Qf5+ Qxf5 39. exf5 Kg8
40. f4 Kf8 41. Kf3 Bc5 42. Nc3 Bd4 43. Nd1 e2 44. Kxe2 Ke7 45. Kf3 Kf6 46. g4
g6 47. fxg6 fxg6 48. Nf2 Ba7 49. Nh1 1/2-1/2

[Event "III Festival Magistrale"]
[Site "Montecatini Terme ITA"]
[Date "1994.07.??"]
[Round "?"]
[White "Caputi, Nicola"]
[Black "Leoncini, Mario"]
[Result "1-0"]
[WhiteElo "1913"]
[BlackElo "2195"]
[PlyCount "106"]
[EventDate "1994.07.30"]

1. e4 c5 2. Nf3 Nc6 3. d4 cxd4 4. Nxd4 Nf6 5. Nc3 e5 6. Ndb5 d6 7. Bg5 a6 8.
Na3 b5 9. Bxf6 gxf6 10. Nd5 f5 11. Bd3 Be6 12. c3 Bg7 13. O-O O-O 14. Nc2 Bxd5
15. exd5 Ne7 16. Be2 Qb6 17. Qd2 f4 18. Kh1 f5 19. f3 Rf6 20. a4 bxa4 21. Rxa4
Qxb2 22. Rb4 Rb8 23. Rxb2 Rxb2 24. Bxa6 Rf8 25. Qc1 Rb6 26. Be2 Rc8 27. c4 Bf8
28. Rd1 Ng6 29. Qa3 Rcb8 30. h3 Rb2 31. Rc1 Be7 32. Qa7 Bh4 33. Qa1 Bf6 34. Bf1
e4 35. Qa6 Be5 36. c5 dxc5 37. Qe6+ Kg7 38. Qxf5 Rxc2 39. Rxc2 Rb1 40. h4 Rxf1+
41. Kh2 Bd4 42. Qxe4 Bg1+ 43. Kh3 Bd4 44. g4 Ne5 45. Kg2 Rg1+ 46. Kh2 Rf1 47.
d6 Rxf3 48. Qb7+ Kf8 49. Qe7+ Kg8 50. Qe6+ Kg7 51. d7 Rg3 52. Qxe5+ Bxe5 53.
d8=Q Re3 1-0

[Event "III Festival Magistrale"]
[Site "Montecatini Terme ITA"]
[Date "1994.07.??"]
[Round "?"]
[White "Caruso, Daniele"]
[Black "Baccaro, Franco"]
[Result "0-1"]
[WhiteElo "2085"]
[BlackElo "1947"]
[PlyCount "55"]
[EventDate "1994.07.30"]

1. e4 e6 2. d3 g6 3. g3 Bg7 4. Bg2 c5 5. f4 d6 6. Nh3 Nc6 7. c3 Nge7 8. Nd2 b5
9. Nf3 Rb8 10. Be3 b4 11. Qd2 Qa5 12. c4 b3 13. Qxa5 Nxa5 14. axb3 Nec6 15. b4
Nb3 16. Ra4 Rxb4 17. Rxb4 Nxb4 18. Ke2 O-O 19. Rb1 Bd7 20. Bg1 Bc6 21. Nf2 Nd4+
22. Kd2 a5 23. Nd1 Nb3+ 24. Ke2 a4 25. Ne1 Rb8 26. Nc3 Bxc3 27. bxc3 Na2 28.
Kf1 0-1

[Event "III Festival Magistrale"]
[Site "Montecatini Terme ITA"]
[Date "1994.07.??"]
[Round "?"]
[White "Caruso, Daniele"]
[Black "Bini, Lorenzo"]
[Result "1-0"]
[WhiteElo "2085"]
[BlackElo "1995"]
[PlyCount "125"]
[EventDate "1994.07.30"]

1. Nf3 b6 2. b3 Bb7 3. e3 e6 4. Bb2 Nf6 5. Be2 g6 6. O-O Bg7 7. c4 O-O 8. d3 d6
9. Nbd2 Nbd7 10. Qc2 Re8 11. b4 a5 12. a3 e5 13. Rfd1 Qe7 14. Bc3 axb4 15. axb4
e4 16. Rxa8 Rxa8 17. dxe4 Nxe4 18. Bxg7 Kxg7 19. Nb3 Ra4 20. Nbd4 Rxb4 21. Ra1
Ndc5 22. Ra7 Qe8 23. Nb5 Qb8 24. Ra1 c6 25. Nc3 d5 26. Nd4 Qe5 27. Bf1 dxc4 28.
Ra7 Bc8 29. Nxe4 Nxe4 30. Nxc6 Rb2 31. Qxc4 Qe6 32. Qd4+ Qf6 33. f3 Qxd4 34.
Nxd4 Nd6 35. e4 Kf6 36. Nc6 Be6 37. e5+ Kg5 38. exd6 Rd2 39. h4+ Kxh4 40. Ra4+
Kg3 41. Rd4 Rc2 42. Ne5 f5 43. d7 Bxd7 44. Nxd7 b5 45. Rb4 h5 46. Ne5 g5 47.
Ng6 Rc6 48. Ne7 Rc5 49. Ng6 f4 50. Bxb5 Rc1+ 51. Bf1 Rc5 52. Nf8 Re5 53. Nd7
Ra5 54. Rb3 Ra2 55. Nf6 Kh4 56. Rb5 Ra1 57. Nh7 Rc1 58. Nxg5 Re1 59. Nh7 Re6
60. Rf5 Rg6 61. Nf6 Rh6 62. Rxh5+ Kg3 63. Ne4# 1-0

[Event "III Festival Magistrale"]
[Site "Montecatini Terme ITA"]
[Date "1994.07.??"]
[Round "?"]
[White "Caruso, Daniele"]
[Black "Djuric, Stefan"]
[Result "0-1"]
[WhiteElo "2085"]
[BlackElo "2485"]
[PlyCount "84"]
[EventDate "1994.07.30"]

1. e4 c5 2. Nf3 e6 3. d3 Nc6 4. g3 g6 5. Bg2 Bg7 6. O-O Nge7 7. c3 O-O 8. a4 d6
9. Nbd2 h6 10. Re1 e5 11. Nf1 Be6 12. Nh4 Qd7 13. Be3 g5 14. Nf3 f5 15. exf5
Nxf5 16. Bc1 Qf7 17. Qe2 Rae8 18. h3 d5 19. g4 Nfe7 20. Ng3 Ng6 21. Nh5 Bh8 22.
Be3 e4 23. dxe4 d4 24. cxd4 cxd4 25. Bc1 Bc4 26. Qd2 Nce5 27. Nxd4 Nh4 28. Nf5
Nef3+ 29. Bxf3 Nxf3+ 30. Kh1 Qc7 31. Qd6 Qxd6 32. Nxd6 Nxe1 33. Bxg5 Nc2 34.
Rc1 hxg5 35. Nxe8 Rxe8 36. Rxc2 Bd3 37. Rc5 Bxe4+ 38. Kg1 Be5 39. Ng3 Bc6 40.
a5 a6 41. b4 Bf4 42. Rc2 Re1+ 0-1

[Event "III Festival Magistrale"]
[Site "Montecatini Terme ITA"]
[Date "1994.07.??"]
[Round "?"]
[White "Caruso, Daniele"]
[Black "Everet, Alexandro"]
[Result "0-1"]
[WhiteElo "2085"]
[BlackElo "1971"]
[PlyCount "130"]
[EventDate "1994.07.30"]

1. e4 c5 2. Nf3 Nc6 3. d4 cxd4 4. Nxd4 e6 5. Nb5 a6 6. Nd6+ Bxd6 7. Qxd6 Qe7 8.
Qxe7+ Ngxe7 9. a3 O-O 10. Bd3 d5 11. Nc3 d4 12. Ne2 e5 13. Bd2 f5 14. O-O fxe4
15. Bxe4 Bf5 16. Ng3 Bxe4 17. Nxe4 h6 18. Rfe1 Nd5 19. Rad1 Rad8 20. Nc5 Rf7
21. f3 Re8 22. Re4 Nf6 23. Re2 Rfe7 24. Rde1 Kf7 25. Ne4 Rd8 26. Nc5 Rd5 27.
Nd3 Nd7 28. Nb4 Nxb4 29. Bxb4 Re6 30. f4 Kf6 31. Bd2 Nf8 32. g4 exf4 33. Bxf4
Rxe2 34. Rxe2 Ng6 35. Bg3 Rd7 36. h4 Re7 37. Kf2 Rxe2+ 38. Kxe2 Ne5 39. Bf2 Nc6
40. Kd3 Ke5 41. Kc4 b6 42. Bg3+ Ke4 43. Bc7 Ne5+ 44. Kb3 Nxg4 45. Bxb6 Ne3 46.
Bd8 Kd5 47. Be7 Ng2 48. Bd8 Ne1 49. c4+ Ke4 50. Ba5 Nf3 51. h5 Ne5 52. Bb4 g5
53. hxg6 Nxg6 54. Kc2 h5 55. Kd2 h4 56. Ke1 Nf4 57. Kf1 Nd3 58. Be7 Nxb2 59.
Bxh4 Nxc4 60. a4 Nb2 61. a5 Nc4 62. Be1 d3 63. Bc3 Ke3 64. Ke1 d2+ 65. Kd1 Kd3
0-1

[Event "III Festival Magistrale"]
[Site "Montecatini Terme ITA"]
[Date "1994.07.??"]
[Round "?"]
[White "Cecconi, Giovanni Alberto"]
[Black "Beggi, Pierluigi"]
[Result "1-0"]
[WhiteElo "2240"]
[BlackElo "2220"]
[PlyCount "126"]
[EventDate "1994.07.30"]

1. c4 Nf6 2. Nc3 g6 3. g3 d5 4. cxd5 Nxd5 5. Bg2 Nb6 6. Nf3 Bg7 7. O-O O-O 8.
d3 Nc6 9. Be3 e5 10. Rc1 Nd4 11. Ne4 Nd5 12. Bg5 f6 13. Nxd4 exd4 14. Bd2 c6
15. Qa4 Re8 16. Rfe1 Nb6 17. Qa3 Be6 18. Nc5 Bc8 19. Ba5 Bf8 20. Qb3+ Kh8 21.
e3 Bh6 22. Qf7 dxe3 23. fxe3 Qe7 24. Qxe7 Rxe7 25. Kf2 Nd5 26. Bd2 b6 27. Nb3
Bb7 28. Bxd5 cxd5 29. Nd4 Rae8 30. Nb5 Rd8 31. Bb4 Red7 32. Rc2 Ba6 33. a4 Bg7
34. Rec1 f5 35. d4 Bh6 36. Rc7 Bxb5 37. axb5 Bg5 38. Kf3 Bf6 39. R1c6 Kg7 40.
Kf4 Kf7 41. Bd6 Bg7 42. Be5 Bh6+ 43. Kf3 Bg5 44. h4 Be7 45. Bf4 Ke8 46. Bg5
Rxc7 47. Rxc7 Rd7 48. Rc8+ Kf7 49. Bxe7 Kxe7 50. Kf4 Kf7 51. Rc6 Kg7 52. h5
gxh5 53. Kxf5 Rf7+ 54. Kg5 Rf3 55. Rc7+ Kg8 56. Rxa7 Rxe3 57. Ra3 Re2 58. Ra6
Rxb2 59. Rxb6 Rb4 60. Kf6 h6 61. Rb8+ Kh7 62. b6 Rxd4 63. Rb7+ Kg8 1-0

[Event "III Festival Magistrale"]
[Site "Montecatini Terme ITA"]
[Date "1994.07.??"]
[Round "?"]
[White "Cecconi, Giovanni Alberto"]
[Black "Ciolac, Gheorghe"]
[Result "0-1"]
[WhiteElo "2240"]
[BlackElo "2390"]
[PlyCount "78"]
[EventDate "1994.07.30"]

1. c4 e6 2. Nf3 Nf6 3. b3 b6 4. g3 Bb7 5. Bg2 Be7 6. Bb2 O-O 7. O-O d5 8. d3
Nbd7 9. Nbd2 c5 10. e3 Qc7 11. Qe2 Rad8 12. e4 dxe4 13. dxe4 e5 14. Ne1 Nb8 15.
Nc2 Nc6 16. Ne3 Nd4 17. Qd1 g6 18. Nd5 Nxd5 19. exd5 f5 20. Nf3 Bf6 21. Nxd4
exd4 22. Qd2 Bc8 23. Rae1 f4 24. Re4 Be5 25. Rfe1 Bd6 26. Rxd4 fxg3 27. hxg3
Rxf2 28. Qxf2 cxd4 29. Bxd4 Rf8 30. Qe3 Bf5 31. Kh1 Qd7 32. Be5 Re8 33. Qf4 Qg7
34. Bxd6 Rxe1+ 35. Kh2 Re2 36. Qg5 h6 37. Qd8+ Kh7 38. Bf8 Qf7 39. Kg1 Be4 0-1

[Event "III Festival Magistrale"]
[Site "Montecatini Terme ITA"]
[Date "1994.07.??"]
[Round "?"]
[White "Cecconi, Giovanni Alberto"]
[Black "Everet, Alexandro"]
[Result "0-1"]
[WhiteElo "2240"]
[BlackElo "1971"]
[PlyCount "70"]
[EventDate "1994.07.30"]

1. c4 e5 2. Nc3 Nc6 3. Nf3 g6 4. d4 exd4 5. Nd5 h6 6. Nxd4 a6 7. g3 Bg7 8. Nc2
Nge7 9. Bg2 O-O 10. O-O d6 11. e4 b5 12. e5 Rb8 13. exd6 cxd6 14. Nxe7+ Nxe7
15. cxb5 Rxb5 16. Nd4 Rb4 17. Nb3 Be6 18. Bd2 Rb5 19. Bc3 Bxc3 20. bxc3 Bd5 21.
Bxd5 Rxd5 22. Qe2 a5 23. Rfe1 Nc8 24. Rad1 Rh5 25. h4 Qc7 26. Qd3 d5 27. Nd4
Kh7 28. Nf3 Qc4 29. Qxc4 dxc4 30. Rd4 Rc5 31. Ree4 Nb6 32. Ne5 Rc7 33. Rd6 Rb8
34. Nc6 Nc8 35. Rxc4 Rb1+ 0-1

[Event "III Festival Magistrale"]
[Site "Montecatini Terme ITA"]
[Date "1994.07.??"]
[Round "?"]
[White "Cecconi, Giovanni Alberto"]
[Black "Temi, Walter"]
[Result "1-0"]
[WhiteElo "2240"]
[BlackElo "2020"]
[PlyCount "43"]
[EventDate "1994.07.30"]

1. c4 Nf6 2. Nc3 d5 3. cxd5 Nxd5 4. Nf3 g6 5. g3 Bg7 6. Bg2 O-O 7. O-O c5 8.
Qb3 Nb6 9. d3 Nc6 10. Ne4 Be6 11. Qb5 Bd4 12. Nxc5 Bd5 13. Nxb7 Qc7 14. Nc5 a6
15. Nxa6 Rxa6 16. Qxa6 Nb4 17. Qa5 Bc5 18. Bf4 e5 19. Bxe5 Qc6 20. Rac1 Nd7 21.
e4 Bxa2 22. Qxb4 1-0